| 000 | 00481nam a2200181Ia 4500 | ||
|---|---|---|---|
| 008 | 240925s9999 xx 000 0 und d | ||
| 020 | _a082135468X | ||
| 082 | _a332.15305 WOR | ||
| 100 | _aWorld Bank | ||
| 245 | 0 | _aWorld Development Report 2004 Making services work for poor people | |
| 250 | _aNA | ||
| 260 |
_aOxford: _bOxford University _c,2005. |
||
| 300 |
_a944p. _bNA _fOriginal |
||
| 500 | _aNA | ||
| 600 | _aSocial Sciences | ||
| 650 | _aSocial Sciences | ||
| 942 | _cBK | ||
| 999 |
_c8111 _d8111 |
||